00456nam a2200145 a 4500008004100000020001800041050001500059100001700074245008500091260004900176300002200225350000900247650001400256650004000270101012s2007 ||||||||||||||||| || u a9780521876223 aQA 805 Mor aMorin, David10aIntroduction to classical mechanics: with problems and solutionscby David Morin aNew York:bCombbridge University Pressc2007 axvii, 719p.: ill. a0.00 aMECHANICS aMECHANICS--PROBLEMS, EXERCISES, ETC